000 00270nam a22001217a 4500
008 170331b xxu||||| |||| 00| 0 eng d
041 _aeng
080 _a617
100 _a8
101 _aSHM
245 _aCAMPBELLS OPERATIVE ORTHOPAEDIC
_cCRENSHAW.A.H
942 _2udc
_cBK
999 _c9315
_d9315